BTS lyrics - Statistics

General Stats
  • This quiz has been taken 287 times
  • The average score is 7 of 15
Answer Stats
Hint Answer % Correct
Smooth like butter, _____________ like a criminal undercover
92%
Ding dong, call me on my phone, Ice tea and a _____________ game of ping pong
63%
I wanna be a good man just for you
세상을 줬네 just for you
전부 바꿨어 just for you
Now I don't know me, _____________
who are you?
60%
왜 해보기도 전에 죽여 걔넨 enemy enemy enemy 왜 벌써부터 고개를 숙여 받아 _____________ energy energy energy
57%
Euphoria
Yeah, yeah, yeah
Close the door now (door now)
When I'm with you, _____________
I'm in utopia
52%
I wanna big house, big cars and big rings, but 사실은 I don't _____________ have any big dreams
50%
Errbody say la la la la la (la la la la la)
Say la la la la la (la la la la)
손을 들어 소리질러 _____________
burn it up
49%
Peaches and cream, sweeter than sweet, _____________ chocolate cheeks and chocolate wings
45%
Hey na na na, can't hold me down 'cause you _____________ know I'm a fighter
41%
I know what I am (I know what I am)
I know what I want (I know what I want)
I never gon' change (I never gon' change) _____________
I never gon' trade
39%
and you gonna be happy
(Ooh-ooh) and you gonna be happy
Turn this all around
모든 게 새로운, _____________
zero o'clock
34%
Ayy, 심장이 뛰지 않는대
더는 음악을 들을 때, tryna pull up
시간이 멈춘 듯해
Oh, that would be my first death, _____________
I've been always afraid of
33%
(No, no) Tell me your every story
Tell me why you don't stop this?
Tell me why you still walkin'? Walkin' with us
Yeah, _____________
we got to heaven
27%
Oh, yeah I did it, me shine with flashin' lights, _____________ got lot of friends
24%
Yeah you makin' me _____________ a boy with luv
23%
No matching quizzes found
Score Distribution
Percent of People with Each Score
Percentile by Number Answered
Your Score History
You have not taken this quiz